Statistiken für Das große James Bond-Quiz

Klicken Sie hier um das Quiz zu spielen!

Allgemein

  • Dieses Quiz wurde 105 mal gespielt
  • Das Durchschnittsergebnis liegt bei 15 aus 24

Antwortstatistiken

Nr.DarstellerName des James Bond-Films% Korrekt
1Sean ConneryJames Bond jagt Dr. No
85%
2Sean ConneryLiebesgrüße aus Moskau
85%
3Sean ConneryGoldfinger
76%
23Daniel CraigSkyfall
75%
21Daniel CraigCasino Royale
71%
17Pierce BrosnanGolden Eye
71%
6George LanzenbyIm Geheimdienst Ihrer Majestät
71%
24Daniel CraigSpectre
70%
11Roger MooreMoonraker
68%
4Sean ConneryFeuerball
67%
22Daniel CraigEin Quantum Trost
65%
18Pierce BrosnanDer Morgen stirbt nie
64%
13Roger MooreOctopussy
64%
5Sean ConneryMan lebt nur zweimal
62%
7Sean ConneryDiamantenfieber
56%
19Pierce BrosnanDie Welt ist nicht genug
56%
8Roger MooreLeben und sterben lassen
56%
20Pierce BrosnanStirb an einem anderen Tag
55%
14Roger MooreIm Angesicht des Todes
54%
16Timothy DaltonLizenz zum Töten
54%
9Roger MooreDer Mann mit dem goldenen Colt
51%
10Roger MooreDer Spion, der mich liebte
51%
15Timothy DaltonDer Hauch des Todes
48%
12Roger MooreIn tödlicher Mission
43%

Verteilung der Resultate

Perzentil nach korrekt beantworteten Fragen

Anzahl Personen mit jedem Resultat

Ihre Resultats-Entwicklung

Sie haben dieses Quiz noch nicht gespielt